Statystyki dla 5 największych miast danego państwa

Kliknij tutaj aby rozwiązać quiz!

Ogólne statystyki

  • Ten quiz został rozwiązany 447 razy
  • Średni wynik to 19 z 25

Statystyki odpowiedzi

Krajlp.PopulacjaMiasto% Poprawnych
Polska11 769 529Warszawa
99%
Ukraina12 933 537Kijów
98%
2769 498Kraków
98%
Niemcy13 748 148Berlin
97%
Włochy12 869 461Rzym
97%
Czechosłowacja11 280 508Praga
96%
4639 258Wrocław
95%
3687 702Łódź
93%
5537 643Poznań
93%
21 359 905Mediolan
89%
31 552 762Monachium
88%
2432 801Bratysława
86%
3963 661Neapol
81%
21 834 823Hamburg
78%
4883 281Turyn
74%
21 451 028Charków
73%
5747 848Frankfurt
69%
5953 217Donieck
64%
41 080 394Kolonia
61%
3404 820Brno
55%
31 014 255Odessa
55%
5673 735Palermo
47%
4296 224Ostrawa
45%
5239 141Koszyce
34%
41 000 700Dniepr
33%

Rozkład punktacji

Percentyl według liczby udzielonych odpowiedzi

Procent ludzi z każdym wynikiem

Twoja historia wyników

Nie rozwiązałeś tego quizu